| 000 | 01386nam a2200325 a 4500 | ||
|---|---|---|---|
| 001 | 000008742 | ||
| 003 | DO-SdBNP | ||
| 005 | 20251106135304.0 | ||
| 008 | 090918s2007 dr 001 0 spa d | ||
| 040 |
_aDO-SdBNP _bspa _cBNPHU _erda |
||
| 041 | _aspa | ||
| 082 | 4 |
_a343.03 _bP832e _222 |
|
| 245 | 0 |
_aPor un estado eficiente y transparente : _bleyes vinculadas a la gestión de las finanzas públicas / _cconsultor: Gustavo Montalvo ; cuidado de edición a cargo de: Carlos Villaverde, Luis Quesada, María Dolores Díaz ; presentación, Servio Tulio Castaños G. |
|
| 260 |
_aSanto Domingo : _bFINJUS, _c2007. |
||
| 300 |
_a235 páginas ; _c24 cm. |
||
| 336 |
_atexto _btxt _2rdacontent |
||
| 337 |
_asin mediación _bn _2rdamedia |
||
| 338 |
_avolumen _bnc _2rdacarrier |
||
| 590 | _aInventariado, 2018/VM | ||
| 650 | 4 |
_aFinanzas públicas _xLegislación _zRepública Dominicana _932168 |
|
| 650 | 4 |
_aPolítica de finanzas públicas _zRepública Dominicana _96563 |
|
| 650 | 4 |
_aLeyes _zRepública Dominicana _93033 |
|
| 651 | 4 |
_aRepública Dominicana _xAdministración pública _9657 |
|
| 700 | 1 |
_aVillaverde, Carlos _955412 |
|
| 700 | 1 |
_aQuezada, Luis _4editor _978603 |
|
| 700 | 1 |
_aDíaz, María Dolores, _4editores _978604 |
|
| 710 | 1 |
_aFundación Institucionalidad y Justicia (República Dominicana) _91886 |
|
| 910 | _aValidado. Control de calidad EMS. | ||
| 942 |
_2ddc _cLBS1 |
||
| 999 |
_c8512 _d8512 |
||